000 00714nam a2200241Ia 4500
003 OSt
005 20220918214447.0
006 a|||||r|||| 00| 0
007 ta
008 220917b |||||||| |||| 00| 0 eng d
024 _a137,620
037 _b32840, 29/03/1995, SSS
_cTextual
040 _aARTS
_cARTS
_beng
041 _2eng
_aeng
082 _aY:1v, N4
100 _aShennan Stephen Ed.
_9131444
245 0 _aArchaeological approaches to cultural identity edited by Stephen Shennan
260 _aLondon
_bRoutledge
_c1994
300 _axxv,317p.
_ccm.
650 _aSOCIOLOGY
942 _hY:1v, N4
_cTEXL
_2CC
999 _c260699
_d260699